Responses for Show #5440 - Friday, April 11, 2008

Deborah Fitzgerald game 5.

Contestants

[<< previous game]

Mike Corbin, a psychiatrist from Fort Lauderdale, Florida

Leslie Feder, a real estate advisor and investor from New York, New York

Deborah Fitzgerald, a retired government employee from McLean, Virginia (whose 4-day cash winnings total $55,901)

[next game >>]

Jeopardy! Round responses

HIS STORY
PRO SPORTS TEAMS IN OTHER WORDS
COLLEGE TOWNS
(Alex: Give us the city that's home to the main campus, please.)
THIS & THAT
MOUNTAIN RANGES
"C" DUTY
    $200 16
(Jimmy) Hoffa

Mike
    $200 26
the Buffalo Bills

Deborah
    $200 8
Pittsburgh

Mike
    $200 21
flip-flops

Leslie
    $200 6
the Ozarks

Leslie
    $200 1
Converse

Leslie
    $400 17
Miles Davis

Mike
    $400 27
the Jazz

Leslie
    $400 9
Gainesville

Mike
    $400 22
a hibachi

Deborah
    $400 7
the Appalachians

Mike
    $400 2
clothes

Leslie
    $600 18
(John) Milton

Mike
    $600 28
the Comets

Deborah
    $600 10
Boulder

Mike
    $600 23
Jupiter

Mike
    $600 13
New Zealand

Leslie
    $600 3
(Deborah: What is Cadillac?)

carriage (trade)

DeborahLeslie
    $800 19
John Alden

Mike
    $800 29
the Los Angeles Galaxy

Mike
    $800 11
(Deborah: What is Santa Monica?)

Malibu

DeborahMike
    $800 24
(Deborah: Who is John Paul Jones?)

Stephen Decatur

Deborah
Triple Stumper
    $800 14
(Mike: What are the Caucasus?)

the Urals

LeslieMike
    $800 4
cheerful

Triple Stumper
    $1000 20
Gogol

Deborah
    $1000 30
the Kansas City Royals

Triple Stumper
    $1000 12
(Mike: What is...)
[The time expiry signal sounds.]
(Mike: Ahh, Ch---)
...
(Alex: You were trying to get it out, I know, Mike.)

Charleston, South Carolina

Mike
Triple Stumper
    $1000 25
a butterfly

Leslie
    $1,800 15
(Leslie: What are the Alps?)
(Alex: No. You had to go further west.)

the Pyrenees

Leslie
    $1000 5
the capstone

Leslie

Scores at the first commercial break (after clue 15):

Deborah Leslie Mike
-$1,400 $2,000 $600

Scores at the end of the Jeopardy! Round:

Deborah Leslie Mike
$0 $3,600 $4,000

Double Jeopardy! Round responses

WEIGHTS & MEASURES
ROCK BAND COUNTRY OF ORIGIN
(Alex: You have to give us the country where these bands were formed.)
POLITICAL ASYLUM
HARRIET
ALLITERATIVE AUTHORS
CUT TO THE "QUICK"
    $400 4
Celsius

Leslie
    $400 7
England

Mike
    $400 1
France

Leslie
    $400 18
Harriet Tubman

Deborah
    $400 6
Hermann Hesse

Mike
    $400 14
quicksand

Deborah
    $800 5
decibels

Deborah
    $800 8
the U.S.

Mike
    $800 2
(Andrew) Jackson

Leslie
    $800 19
Harriet Miers

Leslie
    $800 12
(Frederick) Forsyth

Deborah
    $800 16
Bisquick

Deborah
    $1200 21
(Deborah: What is a bushel?)

a barrel

DeborahLeslie
    $1200 9
Australia

Mike
    $1200 3
(Alex: Ah, recent history--[*].)

Al Gore

Triple Stumper
    $1200 20
the English Channel

Leslie
    $1200 13
Louis L'Amour

Leslie
    $1200 24
QuickTime

Mike
    $2,000 22
a shot

Leslie
    $1600 10
Canada

Triple Stumper
    $7,000 29
(Mike: Who is... bin Laden?)

Fidel Castro

Mike
    $1600 25
Buchanan

Leslie
    $1600 15
Daniel Defoe

Leslie
    $1600 27
(Alex: And that would be, in football, the [*].)

quick kick

Triple Stumper
    $2000 23
(Mike: What is three?)
...
(Alex: Four pecks in a bushel--4 and 1 is [*].)

5

Mike
Triple Stumper
    $2000 11
West Germany

Triple Stumper
    $2000 30
Abraham Lincoln

Leslie
    $2000 26
John Stuart Mill

Leslie
    $2000 17
(Deborah: Who is Agatha Christie?)

Ruth Rendell

Deborah
Triple Stumper
    $2000 28
quicksilver

Mike

Scores at the end of the Double Jeopardy! Round:

Deborah Leslie Mike
$0 $18,800 $1,000
(lock game)

[wagering suggestions for these scores]

Final Jeopardy! Round responses

WORLD HISTORY
MikeWhat is Saudi Arabia?
$1,000
LeslieWhat is Nepal?
$6,000
Saudi Arabia

Final scores:

Deborah Leslie Mike
$0 $12,800 $2,000
3rd place: $1,000 New champion: $12,800 2nd place: $2,000

Game dynamics:

Coryat scores:

Deborah Leslie Mike
$0 $20,200 $8,000
9 R,
5 W
22 R
(including 1 DD),
1 W
(including 1 DD)
17 R,
4 W
(including 1 DD)

Combined Coryat: $28,200

[game clues] [game scores] [suggest correction]

Game tape date: 2008-02-05
The J! Archive is created by fans, for fans. Scraping, republication, monetization, and malicious use prohibited; this site may use cookies and collect identifying information. See terms. The Jeopardy! game show and all elements thereof, including but not limited to copyright and trademark thereto, are the property of Jeopardy Productions, Inc. and are protected under law. This website is not affiliated with, sponsored by, or operated by Jeopardy Productions, Inc. Join the discussion at JBoard.tv.